Hiệu quả của vi khuẩn cố định đạm lên giống lúa OM1490 trồng trên đất canh tác 3 vụ lúa/năm tại huyện Giá Rai, tỉnh Bạc Liêu : Luận văn tốt nghiệp Thạc sĩ ngành Sinh thái học

Đề tài xác định khả năng cố định đạm của vi khuẩn Azospirillum lipoferum và vi khuẩn Pseudomonas stutzeri trong điều kiện canh tác lúa 3 vụ/năm tại huyện Giá Rai.

में बचाया:
ग्रंथसूची विवरण
मुख्य लेखक: Trang, Thanh Minh Vương
स्वरूप: पुस्तक
भाषा:Undetermined
प्रकाशित: Cần Thơ Trường Đại học Cần Thơ 2014
विषय:
टैग : टैग जोड़ें
कोई टैग नहीं, इस रिकॉर्ड को टैग करने वाले पहले व्यक्ति बनें!
Thư viện lưu trữ: Trung tâm Học liệu Trường Đại học Cần Thơ
LEADER 01104nam a2200217Ia 4500
001 CTU_192962
008 210402s9999 xx 000 0 und d
082 |a 633.18 
082 |b V561 
088 |a 60420120 
100 |a Trang, Thanh Minh Vương 
245 0 |a Hiệu quả của vi khuẩn cố định đạm lên giống lúa OM1490 trồng trên đất canh tác 3 vụ lúa/năm tại huyện Giá Rai, tỉnh Bạc Liêu : 
245 0 |b Luận văn tốt nghiệp Thạc sĩ ngành Sinh thái học 
245 0 |c Trang Thanh Minh Vương ; Nguyễn Hữu Hiệp (Cán bộ hướng dẫn) 
260 |a Cần Thơ 
260 |b Trường Đại học Cần Thơ 
260 |c 2014 
520 |a Đề tài xác định khả năng cố định đạm của vi khuẩn Azospirillum lipoferum và vi khuẩn Pseudomonas stutzeri trong điều kiện canh tác lúa 3 vụ/năm tại huyện Giá Rai. 
650 |a Rice,Cây lúa 
910 |a Hải 
980 |a Trung tâm Học liệu Trường Đại học Cần Thơ